Datum a čas kvízu
48
Celkem bodů
Celkový počet nahraných bodů na tomto kvízu bez doplňovacích otázek.
1.
Pořadí na kvízu
Konečné umístění týmu na tomto kvízu.
Zaznamenané odpovědi
| # | Otázka | Odpověď | Body | Výsledky |
|---|---|---|---|---|
| 1. | Minulý týden byl jistý 37letý... | Mikuláš Ferjenčík, Jiří Strach | 1 | |
| 2. | Jeden turista zveřejnil video... | v Číně | 1 | |
| 3. | Ve čtvrtek 6. června si na půd... | D) sklářství | 1 | |
| 4. | Minulý týden byl v Praze k vid... | Tesla Cybertuck | 1 | |
| 5. | Mezinárodní hokejová federace... | chránič krku | 1 | |
| 6. | Dostanete vždy pět indicií, kt... | Anna Kareninová/Karenina | 0 | |
| 7. | Irsko – strom – Estragon – Nob... | Čekání na Godota | 0 | |
| 8. | Irving – cider – gynekolog – T... | Pravidla moštárny | 1 | |
| 9. | Roman – okupace – Tibet – Lakm... | Spalovač mrtvol | 1 | |
| 10. | Karviná – kronika – sv. Petr... | Šikmý kostel | 0 |